00366nam a2200109Ia 4500008004100000082000800041100001400049245007500063942000600138952009700144999001500241240331s9999 xx 000 0 und d bSHA aShapiro,E 4aThe women say the men say :bwomen liberation and men's consciouseness cL 001040708LaWERCLbWERCLcSSCd2024-03-31l0o 301.4 SHAp1760r2024-03-31w2024-03-31yL c2480d2480